| 000 | 00740nam a22002177a 4500 | ||
|---|---|---|---|
| 003 | UA-OsUOA | ||
| 001 | 39549 | ||
| 007 | ta | ||
| 008 | 20060621b un ||||| |||| 00| 0 ukr d | ||
| 100 | _aИльина Т.В. | ||
| 090 |
_a7.026+94(477) _bИ46 |
||
| 942 | _cBK | ||
| 040 |
_aUA-OsUOA _cUA-OsUOA _dUA-OsUOA |
||
| 245 | _aДекоративное оформление древнерусских книг Новгород и Псков. ХІІ-ХУ вв. | ||
| 300 | _a176 с. | ||
| 955 | _a0 | ||
| 080 | _a7.026+94(477) | ||
| 260 |
_aЛенинград _bИздательство Ленинградского Университета _c1978 |
||
| 650 | 7 |
_a7.0 Загальні питання мистецтва _2UDC |
|
| 999 |
_c325692 _d325692 |
||